000 00609nam a22001937a 4500
999 _c172492
_d172492
005 20200206111250.0
010 _aA-419346
020 _c60.00
_a-
035 _aA-419346
037 _bDBAD/PUB
_a-
082 _a848
100 _aممتا ز حسين
245 _aنقد حر ف :تنقيد ی مضا مين
_cممتا ز حسين
246 _bNaqad-e-Harf:Tanqeedi Mazameen (Urdu)
_aby Mumtaz Hussain
260 _aPakistan
_bMaktaba Asloob
_c1985 ء
270 _aPost Box 2119,Kiranchi
_bKiranchi
_e18
_k-
_l-
300 _a303 ص
_c22 Cm(Hb)
942 _2ddc
_cUR
_h848
_mم م ت